| 000 | 01066cam a22002054a 4500 | ||
|---|---|---|---|
| 005 | 20250605164102.0 | ||
| 008 | 250528s ||||||||||||||||||||||||d | ||
| 035 | _a17602 | ||
| 020 | _a9781844451890 | ||
| 040 |
_aGR-AtMCL _bgre _dGR-AtMCL _eAACR2 |
||
| 245 | 1 | _aDyslexia in the Primary Classroom | |
| 250 | _a1st | ||
| 260 |
_bLearning Matters, _c2009 |
||
| 300 | _a124 | ||
| 520 | _aThis book provides an explanation of what dyslexia is and how it affects a child's learning, suggests simple activities that can be used to screen children ready for referral and outlines some easy to follow activities addressing different learning styles. The Author, Introduction, What is Dyslexia? Causes and Consequences, Identifying Dyslexia - Some Practical Strategies, Working with Teaching Assistants, Teaching Spelling: Games and Activities, Teaching Writing Skills, Teaching Reading: Games and Activities, Mathematics and Dyslexia, Using ICT, Conclusion, Glossary, Index. | ||
| 700 | 1 |
_aHall Wendy _93776 |
|
| 942 | _cBK | ||
| 999 |
_c3005 _d3005 |
||